000 00990cam a22001934a 4500
005 20250605164400.0
008 250528s ||||||||||||||||||||||||d
035 _a24536
040 _aGR-AtMCL
_bgre
_dGR-AtMCL
_eAACR2
245 1 _aΗ Κρίση ως Ευκαιρία
260 _c2013
300 _a34
520 _aΕπιχειρηματική Αρωγή στην πιο Ευαίσθητη Κοινωνική Ανάγκη, Ο Νέος Καταναλωτής και η Δημιουργία Εμπορικών Προορισμών, Nice to Meet You Greek Mail Shopper, Η Εμπιστοσύνη Αναδεικνύει και Καταξιώνει Ένα Έντυπο, Ο Αναγνώστης και Μόνο Κρίνει την Επιτυχία, Ελληνικό Γάλα και Δικαιώματα του Καταναλωτή.
700 1 _aΚορδελάς Δημήτρης
_99464
942 _cCR
710 2 _aThe Marketing Week
_99825
999 _c9413
_d9413